Online
Catalog

Mao Tse Tung / (Record no. 11576)

MARC details
000 -CABECERA
campo de control de longitud fija 00881nam a2200277 a 4500
001 - NÚMERO DE CONTROL
campo de control 000011906
005 - FECHA Y HORA DE LA ÚLTIMA TRANSACCIÓN
campo de control 20200929162619.0
008 - DATOS DE LONGITUD FIJA--INFORMACIÓN GENERAL
campo de control de longitud fija 091029s1975 sp 001 0 spa d
020 ## - NÚMERO INTERNACIONAL ESTÁNDAR DEL LIBRO
Número Internacional Estándar del Libro 8402027377
040 ## - FUENTE DE LA CATALOGACIÓN
Centro catalogador/agencia de origen DO-SdBNP
Lengua de catalogación spa
Centro/agencia transcriptor BNPHU
041 17 - CÓDIGO DE LENGUA
Código de lengua del texto/banda sonora o título independiente spa
Código de lengua original eng
Fuente del código Código de idioma MARC
082 ## - NÚMERO DE LA CLASIFICACIÓN DECIMAL DEWEY
Número de clasificación 923.1
Número de documento/Ítem M296T, 1975
049 ## - FONDOS LOCALES (OCLC)
Fondos de biblioteca BNGR
100 1# - ENTRADA PRINCIPAL--NOMBRE DE PERSONA
Nombre de persona Payne, Robert
9 (RLIN) 28162
240 10 - TÍTULO UNIFORME
Título uniforme Mao Tse Tung
Lenguaje de la obra español
245 10 - MENCIÓN DE TÍTULO
Título Mao Tse Tung /
Mención de responsabilidad, etc. Robert Payne ; traductor, M. Giménez Sales.
250 ## - MENCIÓN DE EDICIÓN
Mención de edición 2a ed.
260 ## - PUBLICACIÓN, DISTRIBUCIÓN, ETC.
Lugar de publicación, distribución, etc. Barcelona :
Nombre del editor, distribuidor, etc. Bruguera,
Fecha de publicación, distribución, etc. 1975.
300 ## - DESCRIPCIÓN FÍSICA
Extensión 334 p. ;
Dimensiones 17 cm.
490 1# - MENCIÓN DE SERIE
Mención de serie Libro Amigo
Designación de volumen o secuencia 227
534 ## - NOTA SOBRE LA VERSIÓN ORIGINAL
Frase introductoria Título original en inglés:
Mención de título del original Mao Tse Tung
Publicación, distribución, etc. del original 1950
610 10 - PUNTO DE ACCESO ADICIONAL DE MATERIA--NOMBRE DE ENTIDAD CORPORATIVA
Nombre de entidad corporativa o nombre de jurisdicción como elemento de entrada MAO, TSE-TUNG,
Fecha del congreso/reunión o de la firma de un tratado 1893-1976
Subdivisión de forma BIOGRAFÍA
9 (RLIN) 28163
650 #4 - PUNTO DE ACCESO ADICIONAL DE MATERIA--TÉRMINO DE MATERIA
Término de materia o nombre geográfico como elemento de entrada China
Subdivisión general Historia
Subdivisión cronológica SIGLO XX
9 (RLIN) 28164
700 1# - PUNTO DE ACCESO ADICIONAL--NOMBRE DE PERSONA
Nombre de persona Giménez Sales, M.,
Término indicativo de función/relación tr.
9 (RLIN) 28165
830 #0 - PUNTO DE ACCESO ADICIONAL DE SERIE-TÍTULO UNIFORME
Título uniforme Libro Amigo ;
Designación de volumen o secuencia 227
9 (RLIN) 12825
Holdings
Estado de retiro Estado de pérdida Restricciones de uso No para préstamo Código de colección Localización permanente Ubicación/localización actual Ubicación en estantería Fecha de adquisición Número de inventario Total de préstamos Signatura topográfica completa Código de barras Fecha visto por última vez Precio válido a partir de Tipo de ítem Koha Número de copia
    Préstamo interno   Monografías: Libros y Folletos General General En catalogación 29.10.2009 LF1   923.1 M296T, 1975 11906-10 25.06.2020 25.06.2020 Préstamo interno  
    Préstamo restringido Préstamo restrigido Monografías: Libros y Folletos General General En catalogación 01.12.2009 LF1   923.1 M296T, 1975 11906-20 25.06.2020 25.06.2020 Préstamo interno e.2

Powered by Koha